ՀՀ Գիտությունների ազգային ակադեմիայի հիմնարար գիտական գրադարան  =   Fundamental Scientific Library of NAS RA

Հայաստանի Հանրապետության ընտրական օրենսգիրք : (Record no. 311244)

MARC details
000 -LEADER
fixed length control field 00850nam a2200181 a 4500
001 - CONTROL NUMBER
control field 000890231
003 - CONTROL NUMBER IDENTIFIER
control field AM-YeHGA
005 - DATE AND TIME OF LATEST TRANSACTION
control field 20250618074105.0
008 - FIXED-LENGTH DATA ELEMENTS--GENERAL INFORMATION
fixed length control field 060412s2012 ai 000 | arm d
040 ## - CATALOGING SOURCE
Original cataloging agency AM-YeHGA
041 0# - LANGUAGE CODE
Language code of text/sound track or separate title arm
090 ## - LOCALLY ASSIGNED LC-TYPE CALL NUMBER (OCLC); LOCAL CALL NUMBER (RLIN)
-- 312962
245 00 - TITLE STATEMENT
Title Հայաստանի Հանրապետության ընտրական օրենսգիրք :
Remainder of title (Ընդունված է 2011 թ. մայիսի 26-ին) : Փոփոխություններն ու լրացումները՝ 2012 թ. ապրիլի 30-ի դրությամբ /
Statement of responsibility, etc. «Պաշտոնական տեղեկագիր» ՓԲԸ.
260 ## - PUBLICATION, DISTRIBUTION, ETC.
Place of publication, distribution, etc. Երևան :
Name of publisher, distributor, etc. Տիգրան Մեծ,
Date of publication, distribution, etc. 2012.
300 ## - PHYSICAL DESCRIPTION
Extent 136 էջ ;
Dimensions 23 սմ.
650 14 - SUBJECT ADDED ENTRY--TOPICAL TERM
Topical term or geographic name entry element Օրենքներ և որոշումներ
Geographic subdivision Հայաստանի Հանրապետություն
9 (RLIN) 4848
710 2# - ADDED ENTRY--CORPORATE NAME
Corporate name or jurisdiction name as entry element «Պաշտոնական տեղեկագիր» ՓԲԸ
Holdings
Withdrawn status Lost status Damaged status Not for loan Collection Home library Current library Date acquired Cost, normal purchase price Shelving control number Total checkouts Full call number Barcode Date last seen Price effective from Koha item type Public note Source of classification or shelving scheme
        General Fundamental Scientific Library Fundamental Scientific Library 09/01/2017 1500.00     AII/98031 FL0223997 09/01/2017 09/01/2017 Գրքեր / Books 30 Days Loan  
        General Fundamental Scientific Library Fundamental Scientific Library 17/01/2019       AII/104118 FL0542933 17/01/2019 17/01/2019 Գրքեր / Books 30 Days Loan Universal Decimal Classification


ՀՀ ԳԱԱ հիմնարար գիտական գրադարան
ՀՀ,Երևան 0019
Մարշալ Բաղրամյան 24/6
հեռախոս:(374-10) 52-47-50
Հետադարձ կապ

All site content, except where otherwise noted, is licensed under a
Creative Commons License